| 000 | 00368nam a2200145 a 4500 | ||
|---|---|---|---|
| 001 | 214 | ||
| 003 | CDMR | ||
| 005 | 20130116135152.0 | ||
| 008 | 130130s2007||||||||||||||||||||||||||||d | ||
| 040 |
_aCDMR _bcat _cCPC LLEIDA |
||
| 110 | 2 |
_aLa Mañana _9142 |
|
| 245 | 1 | 0 |
_aAnuari 2006 _bEstatut escanyat _cDiari LA MAÑANA |
| 260 |
_aLleida _c2007 _bGràfiques Dalmau |
||
| 942 | _cMON | ||
| 999 |
_c214 _d214 |
||